[Event "Titled Tuesday intern op 16th Jan Early"]
[Site "Chess.com INT"]
[Date "2024.01.16"]
[Round "11"]
[White "So, Wesley"]
[Black "Pranesh, M."]
[Result "1-0"]
[WhiteElo "2757"]
[BlackElo "2538"]
[PlyCount "131"]
[EventDate "2024.01.16"]
[EventType "swiss (blitz)"]
[EventRounds "11"]
[EventCountry "USA"]
[SourceTitle "CB04_2024"]
[SourceDate "2023.10.16"]
[SourceVersion "1"]
[SourceVersionDate "2023.10.16"]
[SourceQuality "1"]

1. b3 Nf6 2. Bb2 g6 3. Nf3 Bg7 4. c4 0-0 5. g3 d6 6. d4 Nbd7 7. Bg2 e5 8. dxe5 Ng4 9. 0-0 Ndxe5 10. Nc3 Re8 11. Qd2 h5 12. Rad1 Bh6 13. Qe1 Nxf3+ 14. Bxf3 Ne5 15. Bg2 Bg4 16. f3 Bd7 17. f4 Ng4 18. e4 Bg7 19. Qd2 Bc6 20. h3 Nf6 21. Rfe1 Qc8 22. b4 b6 23. e5 Bxg2 24. exf6 Bf3 25. Rxe8+ Qxe8 26. fxg7 Bxd1 27. Nd5 Qe2 28. Qc3 Qf3 29. Nxc7 Qxc3 30. Bxc3 Rb8 31. Kf2 Bc2 32. Nd5 Bd3 33. Nf6+ Kxg7 34. Nd7+ Kh7 35. Nxb8 Bxc4 36. a3 Bb5 37. Bf6 d5 38. Ke3 Kh6 39. Kd4 h4 40. Bxh4 Bf1 41. Kxd5 Bxh3 42. Nc6 f6 43. Bxf6 Bg2+ 44. Kd6 Kh5 45. Nxa7 Kg4 46. Nc8 Kxg3 47. Bg5 b5 48. Kc5 Bf1 49. Nd6 Kg4 50. Nxb5 Kf5 51. a4 Ke4 52. Nd6+ Kf3 53. b5 Bg2 54. b6 Kg4 55. a5 Ba8 56. a6 Kf3 57. Nb5 Kg4 58. Nc7 Be4 59. Nd5 Bf3 60. b7 Kg3 61. b8Q Kg4 62. a7 Kg3 63. a8Q Bxd5 64. Qxd5 Kg4 65. Qbg8 Kh5 66. Qh7+ 1-0

[Event "Titled Tuesday intern op 16th Jan Early"]
[Site "Chess.com INT"]
[Date "2024.01.16"]
[Round "2"]
[White "So, Wesley"]
[Black "Taichman, Ori"]
[Result "1-0"]
[WhiteElo "2757"]
[BlackElo "2307"]
[PlyCount "67"]
[EventDate "2024.01.16"]
[EventType "swiss (blitz)"]
[EventRounds "11"]
[EventCountry "USA"]
[SourceTitle "CB04_2024"]
[SourceDate "2023.10.16"]
[SourceVersion "1"]
[SourceVersionDate "2023.10.16"]
[SourceQuality "1"]

1. d4 Nf6 2. c4 g6 3. Nc3 Bg7 4. e4 0-0 5. Nge2 d6 6. Be3 Ng4 7. Bg5 h6 8. Bh4 c5 9. Qd2 cxd4 10. Nxd4 Nc6 11. Nc2 Be6 12. Be2 Nge5 13. Nd5 a6 14. 0-0 g5 15. Bg3 Rb8 16. f4 gxf4 17. Bxf4 Kh7 18. Kh1 b5 19. cxb5 axb5 20. Nce3 Na5 21. Nf5 Nac4 22. Bxc4 Nxc4 23. Qe2 Bxf5 24. exf5 Rb7 25. f6 exf6 26. b3 Ne5 27. Qe4+ Kh8 28. Nxf6 Qxf6 29. Qxb7 Nd3 30. Bg3 Qg5 31. Rad1 Nb2 32. Rxd6 h5 33. Rd5 Qg4 34. Qxb5 1-0

[Event "Titled Tuesday intern op 16th Jan Early"]
[Site "Chess.com INT"]
[Date "2024.01.16"]
[Round "10"]
[White "Vasquez Schroder, Rodrigo Rafael"]
[Black "So, Wesley"]
[Result "1/2-1/2"]
[WhiteElo "2475"]
[BlackElo "2757"]
[PlyCount "166"]
[EventDate "2024.01.16"]
[EventType "swiss (blitz)"]
[EventRounds "11"]
[EventCountry "USA"]
[SourceTitle "CB04_2024"]
[SourceDate "2023.10.16"]
[SourceVersion "1"]
[SourceVersionDate "2023.10.16"]
[SourceQuality "1"]

1. e4 c5 2. Nf3 e6 3. d4 cxd4 4. Nxd4 Nc6 5. Nb5 d6 6. c4 Nf6 7. N1c3 a6 8. Na3 Be7 9. Be2 0-0 10. 0-0 b6 11. Be3 Bb7 12. Rc1 Re8 13. Qd2 Nb4 14. f3 d5 15. cxd5 exd5 16. e5 d4 17. Bxd4 Nc6 18. exf6 Bxf6 19. Be3 Rxe3 20. Rfd1 Qxd2 21. Rxd2 Bg5 22. Rcd1 Rae8 23. Rd7 R3e7 24. Rxe7 Bxe7 25. Nc4 Rd8 26. Nd5 Bc5+ 27. Kf1 b5 28. Nce3 Kf8 29. Nc2 Ne5 30. Nc3 Rxd1+ 31. Nxd1 Ke7 32. a3 f5 33. Nde3 f4 34. Nf5+ Kf6 35. Nfd4 Bd5 36. Nb4 Bb7 37. Ndc2 g5 38. Nd3 Bd6 39. Nxe5 Bxe5 40. b4 Bd5 41. Bd3 h5 42. h3 Bb2 43. Ke2 Ke5 44. Kd2 Bb3 45. Bg6 h4 46. Be4 Bc4 47. Bb7 Bf1 48. Ne1 Bxa3 49. Kc3 Kd6 50. Bxa6 Kc7 51. Nc2 Bc1 52. Nd4 Kb6 53. Bc8 Bxg2 54. Ne2 Be3 55. Bg4 Bf1 56. Nd4 Bf2 57. Ne6 Bc4 58. Kd2 Kc6 59. Nxg5 Be3+ 60. Kc3 Kd6 61. Ne4+ Ke5 62. Nd2 Be2 63. Nb3 Bc4 64. Nd2 Bxd2+ 65. Kxd2 Kd4 66. Bd7 Bf1 67. Be6 Bg2 68. Ke2 Kc3 69. Kf2 Bh1 70. Bg4 Kxb4 71. Kg1 Kc3 72. Kxh1 b4 73. Bf5 b3 74. Kg2 b2 75. Kf2 Kd2 76. Bg6 Kd1 77. Bf5 Kd2 78. Be4 Kd1 79. Bb1 Kd2 80. Kf1 Kd1 81. Kf2 Kd2 82. Be4 Kd1 83. Bf5 Kd2 1/2-1/2

[Event "Titled Tuesday intern op 09th Jan Early"]
[Site "Chess.com INT"]
[Date "2024.01.09"]
[Round "8"]
[White "Alekseenko, Kirill"]
[Black "So, Wesley"]
[Result "0-1"]
[WhiteElo "2650"]
[BlackElo "2757"]
[PlyCount "98"]
[EventDate "2024.01.09"]
[EventType "swiss (blitz)"]
[EventRounds "11"]
[EventCountry "USA"]
[SourceTitle "CB03_2024"]
[SourceDate "2024.01.17"]
[SourceVersion "1"]
[SourceVersionDate "2024.01.17"]
[SourceQuality "1"]

1. e4 e6 2. d4 d5 3. Nd2 Be7 4. Bd3 c5 5. dxc5 Nf6 6. Qe2 0-0 7. Ngf3 a5 8. 0-0 Na6 9. e5 Nd7 10. Nb3 a4 11. Nbd4 Naxc5 12. Bd2 Qc7 13. h4 h6 14. Rae1 b6 15. h5 Ba6 16. Bxa6 Rxa6 17. c4 dxc4 18. Qxc4 Raa8 19. Nb5 Qb7 20. Qg4 Kh7 21. Bc3 Rad8 22. Rd1 Qe4 23. Qg3 Qf5 24. Nbd4 Qxh5 25. Nc6 Rde8 26. Rd4 Qf5 27. Rf4 Qd3 28. Rd4 Qf5 29. Rf4 Qd3 30. Rd4 Qb5 31. Nxe7 Rxe7 32. Rfd1 Qe2 33. Re1 Qc2 34. Rg4 Rg8 35. Nd4 Qd3 36. Re3 Qb1+ 37. Kh2 Ree8 38. Rf3 Ref8 39. Bd2 Ne4 40. Qf4 Nxd2 41. Rh3 Nf1+ 42. Kg1 Ne3+ 43. Kh2 Nf1+ 44. Kg1 Ne3+ 45. Kh2 Nxg4+ 46. Qxg4 Nxe5 47. Qf4 Ng6 48. Qg3 Qe4 49. Nf3 f6 0-1

[Event "Titled Tuesday intern op 09th Jan Early"]
[Site "Chess.com INT"]
[Date "2024.01.09"]
[Round "7"]
[White "So, Wesley"]
[Black "Demchenko, Anton"]
[Result "0-1"]
[WhiteElo "2757"]
[BlackElo "2609"]
[PlyCount "74"]
[EventDate "2024.01.09"]
[EventType "swiss (blitz)"]
[EventRounds "11"]
[EventCountry "USA"]
[SourceTitle "CB03_2024"]
[SourceDate "2024.01.17"]
[SourceVersion "1"]
[SourceVersionDate "2024.01.17"]
[SourceQuality "1"]

1. d4 Nf6 2. c4 d6 3. Nf3 Nc6 4. d5 Ne5 5. Nc3 e6 6. Nd4 Ng6 7. dxe6 fxe6 8. e4 Be7 9. Be2 0-0 10. 0-0 e5 11. Nc2 Nf4 12. Be3 Be6 13. Qd2 Qe8 14. Bxf4 exf4 15. Qxf4 Nh5 16. Qd2 Nf4 17. Ne3 Qg6 18. Kh1 Bg5 19. Bf3 Rf7 20. Qd1 Raf8 21. Bg4 Bxg4 22. Qxg4 Nd3 23. Nf5 h5 24. Qd1 Nc5 25. f3 h4 26. b4 Ne6 27. Qe1 Bf6 28. Nd5 Qh5 29. Nxf6+ Rxf6 30. Qxh4 Rxf5 31. Qf2 R5f6 32. Qxa7 Rh6 33. Qg1 Kf7 34. Rf2 Rfh8 35. g4 Qe5 36. Rd1 Nf4 37. c5 Nh3 0-1

[Event "Titled Tuesday intern op 09th Jan Early"]
[Site "Chess.com INT"]
[Date "2024.01.09"]
[Round "5"]
[White "So, Wesley"]
[Black "Galchenko, Matvey"]
[Result "1-0"]
[WhiteElo "2757"]
[BlackElo "2438"]
[PlyCount "65"]
[EventDate "2024.01.09"]
[EventType "swiss (blitz)"]
[EventRounds "11"]
[EventCountry "USA"]
[SourceTitle "CB03_2024"]
[SourceDate "2024.01.17"]
[SourceVersion "1"]
[SourceVersionDate "2024.01.17"]
[SourceQuality "1"]

1. d4 Nf6 2. c4 c5 3. d5 e6 4. Nc3 exd5 5. cxd5 d6 6. e4 g6 7. Nge2 Bg7 8. Ng3 h5 9. Be2 a6 10. a4 Qe7 11. Bg5 h4 12. Nf1 Qe5 13. f4 Qd4 14. Nd2 h3 15. g3 Nh7 16. Bh4 c4 17. Nxc4 Qc5 18. a5 Nd7 19. Na4 Qb4+ 20. Qd2 Qxd2+ 21. Kxd2 0-0 22. Nxd6 g5 23. fxg5 Rb8 24. Bg4 Ne5 25. Bxc8 Rbxc8 26. Nxc8 Rxc8 27. Rac1 Re8 28. Nb6 Nf3+ 29. Ke3 Nhxg5 30. Bxg5 Nxg5 31. Rc8 Rxc8 32. Nxc8 Bxb2 33. Nd6 1-0

[Event "Titled Tuesday intern op 09th Jan Early"]
[Site "Chess.com INT"]
[Date "2024.01.09"]
[Round "9"]
[White "So, Wesley"]
[Black "Pakleza, Zbigniew"]
[Result "1-0"]
[WhiteElo "2757"]
[BlackElo "2482"]
[PlyCount "45"]
[EventDate "2024.01.09"]
[EventType "swiss (blitz)"]
[EventRounds "11"]
[EventCountry "USA"]
[SourceTitle "CB03_2024"]
[SourceDate "2024.01.17"]
[SourceVersion "1"]
[SourceVersionDate "2024.01.17"]
[SourceQuality "1"]

1. d4 d6 2. e4 Nf6 3. Nc3 c6 4. f4 Qb6 5. e5 Nd5 6. Nf3 Bg4 7. Be2 e6 8. Ne4 dxe5 9. fxe5 c5 10. Nfg5 Bf5 11. c4 Nb4 12. 0-0 h6 13. Nxf7 Kxf7 14. g4 g6 15. d5 Kg7 16. gxf5 exf5 17. Ng3 Nd7 18. e6 Nf6 19. a3 Na6 20. Kh1 Bd6 21. Nxf5+ gxf5 22. Rxf5 Qd8 23. Qg1+ 1-0

[Event "Titled Tuesday intern op 19th Dec Early"]
[Site "Chess.com INT"]
[Date "2023.12.19"]
[Round "2"]
[White "So, Wesley"]
[Black "Chor, Kevin"]
[Result "1-0"]
[WhiteElo "2752"]
[BlackElo "1944"]
[PlyCount "67"]
[EventDate "2023.12.19"]
[EventType "swiss (blitz)"]
[EventRounds "11"]
[EventCountry "USA"]
[SourceTitle "CB52_2023"]
[SourceDate "2023.12.27"]
[SourceVersion "1"]
[SourceVersionDate "2023.12.27"]
[SourceQuality "1"]

1. Nf3 c5 2. e4 g6 3. c3 Bg7 4. d4 cxd4 5. cxd4 d5 6. e5 Bg4 7. Nbd2 Nc6 8. Bb5 Qb6 9. Bxc6+ Qxc6 10. h3 Bf5 11. 0-0 Nh6 12. Re1 0-0 13. Nf1 Be4 14. Ng3 Nf5 15. Nxf5 Bxf5 16. Bd2 Qb6 17. Bc3 Rac8 18. Qd2 Be4 19. Ng5 Bh6 20. f4 Bxg5 21. fxg5 f6 22. exf6 exf6 23. Rf1 f5 24. Rac1 Rc6 25. Ba5 Qb5 26. Rxc6 Qxc6 27. Rc1 Qa6 28. Bb4 Rf7 29. Rc8+ Kg7 30. Qf4 Qe6 31. Qb8 Rd7 32. Rh8 Qf7 33. Rf8 Qe6 34. Rf6 1-0

[Event "Titled Tuesday intern op 19th Dec Early"]
[Site "Chess.com INT"]
[Date "2023.12.19"]
[Round "11"]
[White "So, Wesley"]
[Black "Finek, Vaclav"]
[Result "1-0"]
[WhiteElo "2752"]
[BlackElo "2416"]
[PlyCount "211"]
[EventDate "2023.12.19"]
[EventType "swiss (blitz)"]
[EventRounds "11"]
[EventCountry "USA"]
[SourceTitle "CB52_2023"]
[SourceDate "2023.12.27"]
[SourceVersion "1"]
[SourceVersionDate "2023.12.27"]
[SourceQuality "1"]

1. b3 e5 2. Bb2 Nc6 3. e3 Nf6 4. Bb5 Bd6 5. Na3 Na5 6. Be2 a6 7. c4 0-0 8. Nc2 c5 9. Nf3 e4 10. Ng5 Be7 11. d3 d5 12. cxd5 Qxd5 13. Nxe4 Nxe4 14. Bf3 Nxf2 15. Bxd5 Nxd1 16. Rxd1 Be6 17. Bxe6 fxe6 18. Ke2 Bf6 19. Ba3 Rac8 20. Rhf1 Be7 21. Ne1 Nc6 22. Nf3 a5 23. Rc1 Nb4 24. Bxb4 axb4 25. Rc2 Bd6 26. Ng5 Rxf1 27. Kxf1 Bxh2 28. Nxe6 Re8 29. Nxc5 Rxe3 30. Re2 Rxe2 31. Kxe2 b6 32. Ne4 Bg1 33. Ng5 Bc5 34. Kf3 h6 35. Nh3 g5 36. Ke4 Kf7 37. d4 Be7 38. Kf5 Bf6 39. d5 Bd4 40. d6 Bc5 41. d7 Ke7 42. Kg6 Kxd7 43. Kxh6 g4 44. Nf4 Kd6 45. Kg5 Ke5 46. Kxg4 Kd4 47. Kf5 Kc3 48. Ke4 Kb2 49. Kd3 Kxa2 50. Kc2 Bd6 51. Ne6 Bg3 52. Nd4 Be5 53. Ne2 b5 54. g4 Bf6 55. Ng3 Be5 56. Ne4 Bf4 57. g5 Be5 58. g6 Bg7 59. Ng5 Be5 60. Ne6 Bf6 61. g7 Bxg7 62. Nxg7 Ka3 63. Ne6 Ka2 64. Nd4 Ka3 65. Nxb5+ Ka2 66. Nd4 Ka3 67. Nc6 Ka2 68. Nxb4+ Ka3 69. Nd3 Ka2 70. b4 Ka3 71. b5 Ka4 72. b6 Ka5 73. b7 Ka6 74. b8Q Ka5 75. Qb7 Ka4 76. Qb6 Ka3 77. Qb5 Ka2 78. Qb4 Ka1 79. Kc3 Ka2 80. Kd4 Ka1 81. Ke5 Ka2 82. Kf6 Ka1 83. Kg7 Ka2 84. Kh8 Ka1 85. Kg8 Ka2 86. Kf8 Ka1 87. Ke8 Ka2 88. Kd8 Ka1 89. Kc8 Ka2 90. Kb8 Ka1 91. Kc7 Ka2 92. Qb5 Ka1 93. Kc6 Ka2 94. Nc1+ Ka1 95. Ne2 Ka2 96. Kc5 Ka1 97. Kc4 Ka2 98. Kd3 Ka1 99. Kd2 Ka2 100. Ke1 Ka1 101. Kf1 Ka2 102. Kf2 Ka3 103. Ke3 Ka2 104. Kd2 Ka3 105. Kc2 Ka2 106. Qa4# 1-0

[Event "Titled Tuesday intern op 19th Dec Early"]
[Site "Chess.com INT"]
[Date "2023.12.19"]
[Round "4"]
[White "So, Wesley"]
[Black "Mitrabha, Guha"]
[Result "0-1"]
[WhiteElo "2752"]
[BlackElo "2508"]
[PlyCount "128"]
[EventDate "2023.12.19"]
[EventType "swiss (blitz)"]
[EventRounds "11"]
[EventCountry "USA"]
[SourceTitle "CB52_2023"]
[SourceDate "2023.12.27"]
[SourceVersion "1"]
[SourceVersionDate "2023.12.27"]
[SourceQuality "1"]

1. Nf3 Nf6 2. g3 b6 3. Bg2 Bb7 4. 0-0 c5 5. c4 g6 6. d4 cxd4 7. Qxd4 Bg7 8. Nc3 0-0 9. Qh4 d6 10. Bh6 Nbd7 11. b3 Rc8 12. Rad1 Rc5 13. Bxg7 Kxg7 14. g4 h6 15. Qg3 Qa8 16. h4 Ne4 17. Nxe4 Bxe4 18. Rd4 Bb7 19. g5 hxg5 20. hxg5 Rh8 21. Rh4 Rxh4 22. Nxh4 Bxg2 23. Nxg2 Qe4 24. e3 Qc2 25. Nf4 Qf5 26. Nh3 a6 27. Kg2 b5 28. cxb5 axb5 29. Qf3 Qc2 30. Rh1 Rf5 31. Qa8 d5 32. Qa7 Qe4+ 33. Kh2 Ne5 34. Qd4 Qxd4 35. exd4 Nf3+ 36. Kg3 Nxd4 37. Rd1 e5 38. Kg2 b4 39. f4 Ne2 40. Rxd5 Nc3 41. Ra5 e4 42. Rxf5 gxf5 43. Nf2 Nxa2 44. Nd1 Nc1 45. Ne3 Kg6 46. Nd5 Nd3 47. Kg3 Kh5 48. Ne3 Nc1 49. Nd5 Nxb3 50. Nxb4 Nd4 51. Nd5 Ne2+ 52. Kf2 Nc1 53. Kg3 Ne2+ 54. Kf2 Nd4 55. Kg3 Kg6 56. Ne7+ Kg7 57. Nd5 Kf8 58. Kf2 Ne6 59. Ke3 Ke8 60. Kf2 Kd7 61. Kg3 Kd6 62. Ne3 Nd4 63. Kh4 Ke6 64. Kg3 Ne2+ 0-1

[Event "CCT Final KO"]
[Site "Toronto"]
[Date "2023.12.15"]
[Round "2.11"]
[White "So, Wesley"]
[Black "Carlsen, Magnus"]
[Result "1/2-1/2"]
[WhiteElo "2752"]
[BlackElo "2830"]
[PlyCount "88"]
[EventDate "2023.12.13"]
[EventType "k.o. (rapid)"]
[EventRounds "2"]
[EventCountry "CAN"]
[SourceTitle "CB52_2023"]
[SourceDate "2023.12.27"]
[SourceVersion "1"]
[SourceVersionDate "2023.12.27"]
[SourceQuality "1"]

1. b3 g6 2. Bb2 Nf6 3. c4 b6 4. Nf3 Bg7 5. d4 0-0 6. g3 Bb7 7. Bg2 e6 8. 0-0 Na6 9. e3 d5 10. cxd5 exd5 11. Nc3 Qe7 12. Rc1 Rfd8 13. Re1 c5 14. Nb5 Ne4 15. Qe2 Nb4 16. a3 Na2 17. Ra1 a6 18. dxc5 axb5 19. Bxg7 Kxg7 20. Qxa2 bxc5 21. b4 cxb4 22. Qb2+ Qf6 23. Qxb4 d4 24. exd4 Nd6 25. Ne5 Ra4 26. Qb2 Bxg2 27. Kxg2 Nc4 28. Qxb5 Rxd4 29. Nf3 Ra5 30. Qb3 Nd2 31. Qc3 Nxf3 32. Qxf3 Qxf3+ 33. Kxf3 g5 34. h3 h5 35. Kg2 Rd3 36. Re3 Rxe3 37. fxe3 Ra4 38. Kf3 f5 39. Ke2 Kf6 40. Ra2 Ke5 41. Kf3 h4 42. gxh4 Rxh4 43. Kg2 Ra4 44. Kf3 Rh4 1/2-1/2